| 000 | 00537nam a2200205Ia 4500 | ||
|---|---|---|---|
| 003 | OSt | ||
| 005 | 20220925214711.0 | ||
| 006 | a|||||r|||| 00| 0 | ||
| 007 | ta | ||
| 008 | 220923b |||||||| |||| 00| 0 eng d | ||
| 037 | _cGeneral Book | ||
| 040 |
_aRTL _cRTL _beng |
||
| 041 |
_2eng _aeng |
||
| 082 | _aXjM86, G3 | ||
| 245 | 0 | _aECONOMIC ESSAYS in honour of Gustav Cassel | |
| 260 |
_aLondon _bFrank Cass & Co. Ltd. _c1967 |
||
| 300 |
_a720p _ccm. |
||
| 942 |
_hXjM86, G3 _cGB _2CC |
||
| 999 |
_c566336 _d566336 |
||